[Event "Teplice op 7th"]
[Site "Teplice"]
[Date "2012.06.22"]
[Round "7"]
[White "Zitna, Aneta"]
[Black "Beran, Petr1111"]
[Result "1/2-1/2"]
[WhiteElo "1615"]
[BlackElo "1496"]
[PlyCount "38"]
[EventDate "2012.06.16"]
[EventType "swiss"]
[EventRounds "9"]
[EventCountry "CZE"]
[SourceTitle "CBM 149 Extra"]
[Source "ChessBase"]
[SourceDate "2012.08.24"]
[SourceVersion "1"]
[SourceVersionDate "2012.08.24"]
[SourceQuality "1"]

1. e4 d5 2. exd5 Nf6 3. Nc3 Nxd5 4. Nf3 Be6 5. g3 a6 6. Bg2 b6 7. 0-0 Bg4 8. d4 e6 9. a3 Be7 10. Qd3 Nd7 11. Nxd5 exd5 12. Bf4 Bf5 13. Qd2 h6 14. Rac1 g5 15. Be3 Be4 16. Qe2 h5 17. Nd2 Bxg2 18. Kxg2 g4 19. Bf4 f5 1/2-1/2

[Event "CZE-ch U16 Girls"]
[Site "Kouty nad Desnou"]
[Date "2011.03.18"]
[Round "8"]
[White "Luzikova, Nicola"]
[Black "Zitna, Aneta"]
[Result "1-0"]
[WhiteElo "1790"]
[BlackElo "1250"]
[PlyCount "41"]
[EventDate "2011.03.12"]
[EventType "swiss"]
[EventRounds "9"]
[EventCountry "CZE"]
[SourceTitle "EXT 2014"]
[Source "ChessBase"]
[SourceDate "2013.11.20"]
[SourceVersion "1"]
[SourceVersionDate "2013.11.20"]
[SourceQuality "1"]

1. d4 d5 2. Nf3 Nc6 3. c4 dxc4 4. e3 Nf6 5. Bxc4 Bg4 6. Qb3 e6 7. Qxb7 Nb4 8. Qb5+ c6 9. Qa4 Be7 10. a3 Nbd5 11. Qxc6+ Nd7 12. Bxd5 exd5 13. Qxd5 0-0 14. 0-0 Qb6 15. Qe4 Bxf3 16. Qxf3 Nf6 17. Nc3 Rac8 18. d5 Bc5 19. e4 Rfe8 20. Re1 Re5 21. Na4 1-0

[Event "CZE-ch U16 Girls"]
[Site "Kouty nad Desnou"]
[Date "2011.03.14"]
[Round "3"]
[White "Zitna, Aneta"]
[Black "Valterova, Veronika"]
[Result "1-0"]
[WhiteElo "1250"]
[BlackElo "1291"]
[PlyCount "45"]
[EventDate "2011.03.12"]
[EventType "swiss"]
[EventRounds "9"]
[EventCountry "CZE"]
[SourceTitle "EXT 2014"]
[Source "ChessBase"]
[SourceDate "2013.11.20"]
[SourceVersion "1"]
[SourceVersionDate "2013.11.20"]
[SourceQuality "1"]

1. e4 e5 2. Nf3 Nc6 3. Nc3 Bc5 4. Nxe5 Nxe5 5. d4 Bd6 6. dxe5 Bxe5 7. Bd2 d6 8. Bc4 Nf6 9. Qe2 Bg4 10. f3 Bh5 11. Qd3 Bg6 12. Bg5 Qd7 13. 0-0 Rd8 14. Rfe1 0-0 15. f4 d5 16. fxe5 dxc4 17. Qxd7 Nxd7 18. Bxd8 Rxd8 19. Rad1 Kf8 20. Rd4 Ke7 21. Red1 Ke6 22. Ne2 Bh5 23. Nf4+ 1-0

[Event "CZE-ch U14 Girls"]
[Site "Kouty nad Desnou"]
[Date "2009.03.13"]
[Round "8"]
[White "Krejci, Anna"]
[Black "Zitna, Aneta"]
[Result "0-1"]
[WhiteElo "1250"]
[BlackElo "1250"]
[PlyCount "42"]
[EventDate "2009.03.07"]
[EventType "swiss"]
[EventRounds "9"]
[EventCountry "CZE"]
[SourceTitle "EXT 2011"]
[Source "ChessBase"]
[SourceDate "2010.11.26"]
[SourceVersion "1"]
[SourceVersionDate "2010.11.26"]
[SourceQuality "1"]

1. e4 e5 2. Nf3 Nc6 3. Nc3 Nf6 4. d3 Bb4 5. Bd2 0-0 6. Be2 d5 7. 0-0 d4 8. Na4 Bxd2 9. Qxd2 Re8 10. Nh4 Nxe4 11. dxe4 Qxh4 12. Bc4 Qxe4 13. Rae1 Qg6 14. Bd3 e4 15. f3 Bf5 16. Qf4 exd3 17. Rxe8+ Rxe8 18. Qxc7 dxc2 19. Qf4 d3 20. b4 Re2 21. b5 Qxg2# 0-1

[Event "CZE-ch U14 Girls"]
[Site "Kouty nad Desnou"]
[Date "2009.03.07"]
[Round "1"]
[White "Bartosova, Veronika"]
[Black "Zitna, Aneta"]
[Result "0-1"]
[WhiteElo "1323"]
[BlackElo "1250"]
[PlyCount "42"]
[EventDate "2009.03.07"]
[EventType "swiss"]
[EventRounds "9"]
[EventCountry "CZE"]
[SourceTitle "EXT 2011"]
[Source "ChessBase"]
[SourceDate "2010.11.26"]
[SourceVersion "1"]
[SourceVersionDate "2010.11.26"]
[SourceQuality "1"]

1. e4 e5 2. Nf3 Nc6 3. Nc3 Nf6 4. Bb5 d6 5. d3 Bg4 6. h3 Bh5 7. Bg5 Be7 8. Qd2 0-0 9. 0-0-0 a6 10. Bc4 b5 11. Bd5 Qd7 12. Qe3 b4 13. Na4 a5 14. d4 Rfb8 15. dxe5 Nxd5 16. Rxd5 Nxe5 17. Nxe5 Qxa4 18. Qb3 Qxb3 19. cxb3 Bxg5+ 20. Kb1 dxe5 21. Rxe5 f6 0-1

[Event "CZE-ch U14 Girls"]
[Site "Sec u Chrudimi"]
[Date "2008.03.09"]
[Round "2"]
[White "Zitna, Aneta"]
[Black "Bartosova, Veronika"]
[Result "1-0"]
[WhiteElo "1100"]
[BlackElo "1250"]
[PlyCount "83"]
[EventDate "2008.03.08"]
[EventType "swiss"]
[EventRounds "9"]
[EventCountry "CZE"]
[SourceTitle "EXT 2009"]
[Source "ChessBase"]
[SourceDate "2008.11.26"]
[SourceVersion "1"]
[SourceVersionDate "2008.11.26"]
[SourceQuality "1"]

1. e4 e5 2. Nf3 Nc6 3. Nc3 Nf6 4. Bb5 a6 5. Bxc6 dxc6 6. Nxe5 Bc5 7. 0-0 Bd4 8. Nf3 0-0 9. Re1 Bg4 10. d3 b5 11. Rb1 b4 12. Na4 c5 13. b3 Qd7 14. Nb2 Bc3 15. Rf1 Rae8 16. Qe2 c4 17. Nxc4 Re7 18. Bg5 Rfe8 19. Bxf6 Bxf6 20. Qe3 Bf5 21. Ncd2 Bc3 22. Qf4 Bg4 23. Rbc1 a5 24. h3 Bxd2 25. Nxd2 Bxh3 26. gxh3 Qxh3 27. Nf3 Qh6 28. Qxh6 gxh6 29. Kh1 Kh8 30. Nh2 Rg8 31. Rg1 f6 32. Rxg8+ Kxg8 33. Rg1+ Rg7 34. Rxg7+ Kxg7 35. Kg2 c5 36. Kg3 Kg6 37. Kf4 h5 38. Nf3 h6 39. Nh4+ Kf7 40. Kf5 Ke7 41. f4 Kf7 42. e5 1-0

[Event "CZE-ch U12 Girls"]
[Site "Sec u Chrudimi"]
[Date "2007.03.16"]
[Round "8"]
[White "Zitna, Aneta"]
[Black "Durdisova, Michaela"]
[Result "1-0"]
[WhiteElo "1100"]
[BlackElo "1100"]
[PlyCount "73"]
[EventDate "2007.03.10"]
[EventType "swiss"]
[EventRounds "9"]
[EventCountry "CZE"]
[SourceTitle "EXT 2008"]
[Source "ChessBase"]
[SourceDate "2007.11.25"]
[SourceVersion "1"]
[SourceVersionDate "2007.11.25"]
[SourceQuality "1"]

1. e4 e5 2. Nf3 Nc6 3. Nc3 Bc5 4. Nxe5 Nxe5 5. d4 Qe7 6. dxc5 Qxc5 7. Be2 d6 8. 0-0 Qc6 9. Bb5 Bd7 10. Bxc6 Nxc6 11. Nd5 0-0-0 12. Bd2 h6 13. Nb4 Nf6 14. Re1 g5 15. Bc3 Nxb4 16. Bxf6 Nc6 17. Bxd8 Nxd8 18. Qd4 Rh7 19. Qxa7 Nc6 20. Qa8+ Nb8 21. e5 dxe5 22. Rxe5 f6 23. Re3 Bc6 24. Rc3 Bd7 25. Qa5 Na6 26. b4 Be8 27. b5 Bxb5 28. Qxb5 c6 29. Qf5+ Rd7 30. Rd1 Nb8 31. Rcd3 Kc7 32. Rxd7+ Nxd7 33. Qxd7+ Kb8 34. Rb1 b5 35. Qxc6 Ka7 36. Qxb5 Ka8 37. Qb7# 1-0